000 00798nam a22003017a 4500
001 BR2017000351
003 BR-BrBNA
005 20230928105032.0
007 ta
008 230509b bl.||||| |||| 00| 0 por d
040 _aBR-BrBNA
_bpor
_cBiblioteca Nacional de Agricultura
041 _a(Por)
072 _aP36
090 _ P36 BR2017000351
100 1 _aBertoni, J.
100 1 _aLombardi Neto, F.
245 1 _aConservação do solo
250 1 _a4. ed.
260 3 _aSão Paulo, SP (Brasil):
_bÍcone,
_c1999.
300 _a355 p.
500 _aIncludes several bibliographies; Summary (Por); 67 illus.; 50 tables
650 _aCONSERVAÇÃO DO SOLO
650 _aSOLO
650 _aEROSÃO
650 _aPESQUISA
909 _a202309
_bLucia
_c55
_dLucia Elande
942 _cBK
999 _c83053
_d83053